000 01021pam a2200313 a 4500
001 77364
003 BD-RjUL
005 20211209082949.0
008 200318s 1966nyua b 001 0beng
020 _a0312158149 (cloth)
035 _a(BD-RjUL)
040 _aDLC
_cDLC
_dDLC
_beng
041 _aeng
043 _ae-ie---
082 0 0 _a821.8
_220
_bJEW 1962
100 1 _aJeffares, A. Norman
_q(Alexander Norman),
_d1920-
_9241033
245 1 0 _aW.B. Yeats, man and poet /
_cby A. Norman Jeffares.
250 _a2nd ed.
260 _aLondon :
_bRoutledge & Kegan paul,,
_c1962.
300 _aix, 365 p. :
_bill., ;
_c24 cm.
500 _aOriginally published: New York : Barnes & Noble, [1966].
504 _aIncludes bibliographical references and index.
600 1 0 _aYeats, W. B.
_q(William Butler),
_d1865-1939.
_9241034
650 0 _aPoets, Irish
_y20th century
_vBiography.
_9241035
651 0 _aIreland
_xIn literature.
_9241036
942 _2ddc
_cBK
999 _c77364
_d77364